Playable Characters in Fire Emblem: Path of Radiance - Statistics

General Stats
  • This quiz has been taken 169 times
  • The average score is 37 of 46
Answer Stats
Answer % Correct
Ike
100%
Mist
97%
Titania
97%
Boyd
94%
Soren
94%
Tibarn
93%
Mia
91%
Oscar
91%
Rolf
91%
Jill
90%
Lethe
90%
Shinon
90%
Mordecai
88%
Sothe
88%
Elincia
86%
Rhys
86%
Gatrie
84%
Marcia
84%
Nephenee
84%
Ilyana
81%
Naesala
80%
Reyson
80%
Brom
78%
Kieran
78%
Calill
75%
Stefan
75%
Zihark
75%
Geoffrey
74%
Giffca
74%
Haar
74%
Ranulf
74%
Ulki
74%
Astrid
72%
Tormod
72%
Ena
71%
Janaff
71%
Lucia
71%
Muarim
70%
Makalov
68%
Tanith
68%
Volke
68%
Devdan
67%
Bastian
65%
Tauroneo
64%
Largo
62%
Nasir
62%
No matching quizzes found
Score Distribution
Percent of People with Each Score
Percentile by Number Answered
Your Score History
You have not taken this quiz